| 000 | 00549nam a22001817a 4500 | ||
|---|---|---|---|
| 005 | 20170817115649.0 | ||
| 010 | _aENG-119782 | ||
| 020 |
_a9788179254370 _c150.00 |
||
| 035 | _aEN-103314 | ||
| 037 | _bDBAD/PUB | ||
| 082 | _a759.954 | ||
| 100 | _aKamath, Vasudeo | ||
| 245 |
_aMy paintings and thoughts behind them / _cby Vasudeo Kamath |
||
| 260 |
_aPune _bJyotsna Prakashan _c2016 |
||
| 270 |
_a'Dhavalgiri' 430-31, Shaniwar Peth _bPune _e411030 |
||
| 300 |
_a40p. : _c27cm(pbk) _bill.(col.) |
||
| 942 |
_2ddc _cEN _h759.954 _mKAM |
||
| 999 |
_c143463 _d143463 |
||